Stany nad Wschodnim Wybrzeżem z mapą - Statystyki

Ogólne statystyki
  • Ten quiz został rozwiązany 137 razy
  • Średni wynik to 11 z 14
Odpowiedzi na mapie
Odpowiedzi zakodowano w zielono-czerwonej skali na mapie do tego quizu, zgodnie z poniższymi procentami.
 
Statystyki odpowiedzi
Stan % Poprawnych
Floryda
98%
Nowy Jork
96%
Karolina Północna
87%
Karolina Południowa
86%
Georgia
84%
Wirginia
84%
Maine
82%
New Jersey
79%
Rhode Island
79%
Maryland
77%
Connecticut
76%
Massachusetts
76%
New Hampshire
74%
Delaware
73%
Nie znaleziono quizów pasujących do podanych kryteriów
Rozkład punktacji
Procent ludzi z każdym wynikiem
Percentyl według liczby udzielonych odpowiedzi
Twoja historia wyników
Nie rozwiązałeś tego quizu